Những bức thư của tuổi mới lớn
Αποθηκεύτηκε σε:
| Άλλοι συγγραφείς: | , , , , , |
|---|---|
| Μορφή: | Βιβλίο |
| Γλώσσα: | English |
| Έκδοση: |
Tp. Hồ Chí Minh
Trẻ
2004
|
| Σειρά: | Tủ sách Tình yêu và cuộc sống
|
| Θέματα: | |
| Ετικέτες: |
Προσθήκη ετικέτας
Δεν υπάρχουν, Καταχωρήστε ετικέτα πρώτοι!
|
| Thư viện lưu trữ: | Trung tâm Học liệu Lê Vũ Hùng, Trường Đại học Đồng Tháp |
|---|
| LEADER | 00985pam a22003138a 4500 | ||
|---|---|---|---|
| 001 | 00045395 | ||
| 008 | 170505s1996 ||||||engsd | ||
| 005 | 20200304150335.0 | ||
| 020 | # | # | |c 20000 |
| 041 | 0 | # | |a Vie |
| 082 | 0 | 4 | |a 808.8 |b NH556B |
| 245 | 1 | 0 | |a Những bức thư của tuổi mới lớn |c Corey Dweck, Erin Seto, Rebecca Kross... ; Nhóm dịch: Smee |
| 260 | # | # | |a Tp. Hồ Chí Minh |b Trẻ |c 2004 |
| 300 | # | # | |c 19 cm |a 201 tr. |
| 490 | # | # | |a Tủ sách Tình yêu và cuộc sống |
| 653 | # | # | |a Thế giới |
| 653 | # | # | |a Thư từ |
| 653 | # | # | |a Tác phẩm |
| 653 | # | # | |a Văn học hiện đại |
| 700 | # | # | |a Fischer, Elizabeth |
| 700 | # | # | |a Kross, Rebecca |
| 700 | # | # | |a Landowska, Wanda |
| 700 | # | # | |a Motyka, Laura |
| 700 | # | # | |a SMEE |
| 700 | # | # | |e Dịch |
| 700 | # | # | |a Silko, Leslie Marmon |
| 852 | # | # | |j KD.0027129 |
| 910 | # | # | |d 4/3/2020 |
| 980 | # | # | |a Trung tâm Học liệu Lê Vũ Hùng, Trường Đại học Đồng Tháp |